000 00927nam a2200241Ia 4500
003 GCL
008 140319s9999 xx 000 0 ara d
040 _aGCL /
_cGCL
082 0 4 _a939.4
_bه ح
100 1 _aهتون اجواد الفاسى
245 1 0 _aالحياة الاجتماعية فى شمال غرب الجزيرة العربية فى الفترة ما بين القرن السادس قبل الميلاد والقرن الثانى الميلادى /
_cهتون اجواد الفاسى
300 _a384 ص
490 _aالهيئة العامة للاستعلامات
_v0
650 0 4 _aالقانون
650 0 4 _aالاحوال الاجتماعية
650 0 4 _aالحضارة
650 0 4 _aالسياسة
650 0 4 _aالسكان
650 0 4 _aالتاريخ القديم
650 0 4 _aسوريا - تاريخ
650 0 4 _aشبه الجزيرة العربية - تاريخ
942 _2ddc
_cBK
999 _c49015
_d49015